|
|
|
|
| LEADER |
00000csc a2200000 a 4500 |
| 001 |
53495-2 |
| 005 |
20230308212330.0 |
| 008 |
000000|1962 ||||||||r|||||||||||spa|| |
| 040 |
|
|
|b spa
|
| 041 |
0 |
|
|a Español
|
| 082 |
0 |
|
|a 196
|
| 100 |
1 |
|
|a Marías, Julián
|d 1914-2005
|9 22894
|
| 245 |
|
|
|a Introducción a la filosofía. Idea de la metafísica. Biografía de la filosofía
|c Julián Marías
|h imp
|n tomo 2
|
| 250 |
|
|
|a 2a ed.
|
| 264 |
|
|
|a Madrid
|b Revista de Occidente
|c 1962
|
| 300 |
|
|
|c 22 cm
|
| 490 |
|
|
|a Obras de Julián Marías
|
| 504 |
|
|
|a incl. ref.
|
| 653 |
|
|
|a Filosofia
|
| 650 |
|
|
|a Historia de la filosofia
|9 3388
|
| 650 |
|
|
|a Historicidad
|9 23066
|
| 650 |
|
|
|a Religion
|
| 650 |
|
|
|a Verdad
|9 10242
|
| 650 |
|
|
|a Metodo
|9 23416
|
| 650 |
|
|
|a Razon
|9 23721
|
| 650 |
|
|
|a Vida humana
|9 43547
|
| 650 |
|
|
|a Problemas vitales
|9 292940
|
| 650 |
|
|
|a FILOSOFIA
|
| 852 |
|
|
|a UC-CDJBV
|c PRIMER PISO
|f Compra
|k lucia.mora
|l 1
|m General
|p 00000000
|q 1.00
|r 2
|t 53495-2
|y 146800
|b 0
|d CDRC
|e CDRC
|g 196 PRIMER PISO
|z 0000-00-00
|
| 942 |
|
|
|
| 999 |
|
|
|c 121704
|d 121704
|